000 00571nam a2200229 a 4500
001 nice12345678
003 IN_TiNIC
005 20260116013909.0
008 050524s1995 newa grp 000 0 eng
020 _a8170368
_c250
082 0 0 _a954.053
_bBAX
100 _aBaxi, Upendra
245 _aCrisis and Change in Contemporary India
260 _aNew Delhi
_bSage Publications
_c1995
300 _a453p
500 _aincludes index and biblioraphy
505 2 _aIndex
650 _aIndia-Politics
902 _bSRS
942 _cBK
999 _c13006
_d13006